00785cam a22002051 4500001001300000003000400013005001700017008004100034010001700075035001800092040001600110042001200126050002100138110004800159245016700207260004300374300004500417500006100462610005600523war25000007 DLC20260227112812.0740708s1925 xx 000 0 eng  awar25000007  a(OCoLC)938027 aDLCcNdDLC apremarc00aUF563b.A15 19241 aUnited States.bArmy.bOrdnance Department.10a... Handbook of artillery, including mobile, anti-aircraft and trench materiel.bPrepared in the Office of the Chief of Ordnance. July, 1921. Revised May, 1924. aWashington,bGovt. Print. Off.,c1925. axvi, 398 p.bcol. front., illus.c23 cm. aAt head of title: Ordnance Department document no. 2033.10aUnited States.bArmyxOrdnance and ordnance stores.